Nations of the Southwest / (Record no. 3976)

MARC details
000 -LEADER
fixed length control field 01499cam a22003614a 4500
001 - CONTROL NUMBER
control field 3976
003 - CONTROL NUMBER IDENTIFIER
control field FISKH
005 - DATE AND TIME OF LATEST TRANSACTION
control field 20240529082657.0
008 - FIXED-LENGTH DATA ELEMENTS--GENERAL INFORMATION
fixed length control field 030128s2003 nyuab c 001 0 eng
010 ## - LIBRARY OF CONGRESS CONTROL NUMBER
LC control number 2003001790
020 ## - INTERNATIONAL STANDARD BOOK NUMBER
International Standard Book Number 0778703746 (LIB)
020 ## - INTERNATIONAL STANDARD BOOK NUMBER
International Standard Book Number 9780778704669
020 ## - INTERNATIONAL STANDARD BOOK NUMBER
International Standard Book Number 0778704661 (pbk.)
040 ## - CATALOGING SOURCE
Original cataloging agency DLC
Transcribing agency DLC
Modifying agency DLC
Language of cataloging eng
042 ## - AUTHENTICATION CODE
Authentication code pcc
-- lcac
043 ## - GEOGRAPHIC AREA CODE
Geographic area code n-ust--
050 00 - LIBRARY OF CONGRESS CALL NUMBER
Classification number E78.S7
Item number B58 2003
082 00 - DEWEY DECIMAL CLASSIFICATION NUMBER
Classification number 979.2/5901
Edition number 21
100 1# - MAIN ENTRY--PERSONAL NAME
Personal name Bishop, Amanda
245 10 - TITLE STATEMENT
Title Nations of the Southwest /
Statement of responsibility, etc. Amanda Bishop & Bobbie Kalman.
260 ## - PUBLICATION, DISTRIBUTION, ETC.
Place of publication, distribution, etc. New York :
Name of publisher, distributor, etc. Crabtree Pub. Co.,
Date of publication, distribution, etc. 2003
300 ## - PHYSICAL DESCRIPTION
Extent 32 pages :
Other physical details color illustrations, maps ;
Dimensions 28 cm
440 #0 - SERIES STATEMENT/ADDED ENTRY--TITLE
Title Native nations of North America
500 ## - GENERAL NOTE
General note Includes index.
505 0# - FORMATTED CONTENTS NOTE
Formatted contents note The southwest -- Ancient cultures -- Different lifestyles -- Homes in the southwest -- Pueblo peoples of the Rio Grande -- The Zuni -- The Hopi -- Farmers of the Gila river -- Colorado River farmers -- Northern hunter-gatherers -- The Navajo -- The Apache -- Neighboring nations -- A changing world -- The nations today.
521 8# - TARGET AUDIENCE NOTE
Target audience note 1050 <br/>
Source Lexile NC
650 #0 - SUBJECT ADDED ENTRY--TOPICAL TERM
Topical term or geographic name entry element Indians of North America
Geographic subdivision Southwest, New
Form subdivision Juvenile literature.
650 #1 - SUBJECT ADDED ENTRY--TOPICAL TERM
Topical term or geographic name entry element Indians of North America
Geographic subdivision Southwest, New.
700 1# - ADDED ENTRY--PERSONAL NAME
Personal name Kalman, Bobbie.
906 ## - LOCAL DATA ELEMENT F, LDF (RLIN)
a 7
b cbc
c orignew
d 1
e ecip
f 20
g y-gencatlg
942 ## - ADDED ENTRY ELEMENTS (KOHA)
Source of classification or shelving scheme Dewey Decimal Classification
Koha item type Books
Suppress in OPAC No
Holdings
Withdrawn status Lost status Source of classification or shelving scheme Damaged status Not for loan Collection Home library Current library Shelving location Date acquired Total Checkouts Full call number Barcode Date last seen Price effective from Koha item type
    Dewey Decimal Classification     Non-Fiction Footprints International School Library Network Toul Kork Campus Footprints International School Library Network Toul Kork Campus A TK Campus, 4th Floor, Room B401, Non-Fiction Bookcases(7-8) 05/29/2024   BIS 979.2 E78.S7 2024-0734 05/29/2024 05/29/2024 Books